<?xml version="1.0" encoding="utf-8"?>
<?xml-stylesheet type='text/xsl' href='./oai2.xsl'?>
<OAI-PMH xmlns="http://www.openarchives.org/OAI/2.0/" xmlns:xsi="http://www.w3.org/2001/XMLSchema-instance" xsi:schemaLocation="http://www.openarchives.org/OAI/2.0/ http://www.openarchives.org/OAI/2.0/OAI-PMH.xsd">
  <responseDate>2026-05-15T17:36:01Z</responseDate>
  <request verb="GetRecord" metadataPrefix="marcxml" identifier="record_kuniweb_2508542">https://kulturerbe.niedersachsen.de/oai</request>
  <GetRecord>
    <record>
      <header>
        <identifier>record_kuniweb_2508542</identifier>
        <datestamp>2026-03-31T19:09:18Z</datestamp>
        <setSpec>slg0175</setSpec>
      </header>
      <metadata>
        <marc:record xmlns:marc="http://www.loc.gov/MARC21/slim" xsi:schemaLocation="http://www.loc.gov/MARC21/slim http://www.loc.gov/standards/marcxml/schema/MARC21slim.xsd">
          <marc:leader>12345nkm  22     uu 4500</marc:leader>
          <marc:controlfield tag="001">2508542</marc:controlfield>
          <marc:controlfield tag="003">http://kuniweb.gbv.de</marc:controlfield>
          <marc:controlfield tag="005">2024-05-27T13:44:49</marc:controlfield>
          <marc:controlfield tag="008">|           ||||||||||||||||||||||</marc:controlfield>
          <marc:datafield tag="245" ind1="1" ind2="0">
            <marc:subfield code="a">Der Dogenpalast</marc:subfield>
          </marc:datafield>
          <marc:datafield tag="720" ind1=" " ind2=" ">
            <marc:subfield code="a">Bibliographisches Institut (Hildburghausen)</marc:subfield>
          </marc:datafield>
          <marc:datafield tag="720" ind1=" " ind2=" ">
            <marc:subfield code="a">Johann Gabriel Friedrich Poppel</marc:subfield>
          </marc:datafield>
          <marc:datafield tag="655" ind1=" " ind2="7">
            <marc:subfield code="a">Grafik</marc:subfield>
          </marc:datafield>
          <marc:datafield tag="046" ind1=" " ind2=" ">
            <marc:subfield code="k">1840</marc:subfield>
            <marc:subfield code="k">ca. 1840 - ca. 1855 (Nachdruck genutzt in "Das große Conversations-Lexikon für die gebildeten Stände")</marc:subfield>
            <marc:subfield code="l">1855</marc:subfield>
          </marc:datafield>
          <marc:datafield tag="260" ind1=" " ind2=" ">
            <marc:subfield code="g">1840</marc:subfield>
            <marc:subfield code="g">1855</marc:subfield>
            <marc:subfield code="g">ca. 1840 - ca. 1855 (Nachdruck genutzt in "Das große Conversations-Lexikon für die gebildeten Stände")</marc:subfield>
          </marc:datafield>
          <marc:datafield tag="300" ind1=" " ind2=" ">
            <marc:subfield code="a">Höhe: 100 mm (Darstellung)
Breite: 150 mm (Darstellung)
Höhe: 155 mm (Blatt)
Breite: 238 mm (Blatt)</marc:subfield>
          </marc:datafield>
          <marc:datafield tag="520" ind1=" " ind2=" ">
            <marc:subfield code="a">Stahlstich nach einer Zeichnung Johann Poppels, erstmals erschienen 1837 als Abbildung in "Meyer's Universum" ("Venedig: Die Piazetta und der Dogenpallast") , vorliegender Nachdruck erneut genutzt in "Meyers' Conversations-Lexikon" 1840-1855 (auch als Tafelband - Innovation im Bereich deutscher Lexika) (T. Mahler 05/2024)

Aufdruck:
"Ms. Conv. Lex. No. 42" o. re. "J. Poppel direxit./ Aus d. Kunstanstalt d. Bibliogr. Instit. in Hildbh." u. li. "DER DOGENPALLAST./ in Venedig." u. mittig "Eigentum d. Verleger." u. re. (Abbildung aus "Meyer's Conversations-Lexikon für die gebildeten Stände. In Verbindung mit Staatsmännern, Gelehrten, Künstlern u. Technikern hrsg. von J. Meyer (Abb. Nr. 42), Hildburghausen 1840-1855.")

Veröffentlicht in:
J. Meyer, „[Abbildungen 1 - 300]“, Das @große Conversations-Lexicon für die gebildeten Stände, Bd. Abbildungen 1. Bibliogr. Institut, Hildburghausen [u.a.], 1840. (Nr. 42)

Veröffentlicht in:
J. Meyer, Meyer’s Universum oder Abbildung und Beschreibung des Sehenswerthesten und Merkwürdigsten der Natur und Kunst auf der ganzen Erde, Bd. Vierter. Bibliogr. Inst., Hildburghausen; Amsterdam; Hildburghausen; New York, NY, 1837. (Nr. 158, S. 47)</marc:subfield>
          </marc:datafield>
          <marc:datafield tag="650" ind1="1" ind2=" ">
            <marc:subfield code="a">Grafik, Fotografie &gt; Druckgrafik &gt; Tiefdruck &gt; Stahlstich</marc:subfield>
          </marc:datafield>
          <marc:datafield tag="650" ind1="1" ind2=" ">
            <marc:subfield code="a">Venedig</marc:subfield>
          </marc:datafield>
          <marc:datafield tag="773" ind1="0" ind2=" ">
            <marc:subfield code="t">Sammlung und Nachlass Hermann Allmers</marc:subfield>
          </marc:datafield>
          <marc:datafield tag="852" ind1=" " ind2=" ">
            <marc:subfield code="a">Archiv des Landkreises Cuxhaven</marc:subfield>
          </marc:datafield>
          <marc:datafield tag="852" ind1=" " ind2=" ">
            <marc:subfield code="a">Hildburghausen</marc:subfield>
          </marc:datafield>
          <marc:datafield tag="" ind1=" " ind2=" ">
            <marc:subfield code="a">Sammlung und Nachlass Hermann Allmers sind Eigentum der Hermann-Allmers-Gesellschaft e. V. und werden in zwei Teilen an zwei Standorten verwahrt:
Die (museale) Sammlung, bestehend aus Mobiliar und Hausgerät, Tafelgemälden, kleineren und größeren Antiken, Gipsabgüssen, kunsthandwerklichen Objekten aus Keramik und Glas und einer kleinen Bibliothek, befindet sich im Allmers-Haus in Rechtenfleth.
Der literarische, grafische und fotografische "Nachlass Hermann Allmers" hingegen ist im Archiv des Landkreises Cuxhaven in Otterndorf deponiert.</marc:subfield>
          </marc:datafield>
          <marc:datafield tag="" ind1=" " ind2=" ">
            <marc:subfield code="a">Namensnennung - Nicht kommerziell - Keine Bearbeitungen 4.0 International (CC BY-NC-ND 4.0)</marc:subfield>
          </marc:datafield>
        </marc:record>
      </metadata>
    </record>
  </GetRecord>
</OAI-PMH>
